Multiple Choice City Quiz – Belgrade - Statistics

General Stats
  • This quiz has been taken 78 times
  • The average score is 8 of 10
Answer Stats
Question Answer % Correct
On what two rivers is Belgrade located? Danube and Sava
97%
What is the meaning of Belgrade in Serbian language? White city
97%
Who is Belgrade's international airport named for? Nikola Tesla
94%
Which of these athletes was born in Belgrade? Novak Djoković
87%
What is the name of the biggest church in Belgrade, located on the Vračar plateau? Church of Saint Sava
82%
What is the name of a park surrounding the Belgrade Fortress? Kalemegdan
81%
Which of these famous streets can you find in Belgrade? Skadarlija
81%
Which one of these is the coat of arms of Belgrade?
70%
Which of these countries has never controlled Belgrade? Romania
58%
What was the name of Belgrade from roughly 279 BC until 9th century? Singidunum
57%
No matching quizzes found
Score Distribution
Percent of People with Each Score
Percentile by Number Answered
Your Score History
You have not taken this quiz